1960 1444 1336 1022 1915 1590 1403 1016 1681 1765 1387 1122 1170 1876 1139 1461 1380 1182 1018 1018 1093 1703 1371 1982 1197 1944 1026 1330 1919 1015 1253 1157 1381 1350 1543 1333 1977 1133 1755 1400 1861 1538 1410 1084 1073 1387 1576 1961 1883 1358 1679 1062 1727 1002 1310 1434 1747 1058 1840 1485 1243 1240 1416 1778 1512 1725 1827 1847 1982 1034 1252 1463 1441 1155 1665 1194 1513 1729 1636 1228 1643 1338 1739 1022 1033 1012 1526 1284 1998 1248 1080 1572 1876 1524 1807 1659 1704 1919 1181 BCNSPRNW ULIB Ver.6.0+V

เปลี่ยนเป็นภาษาไทย

Change to English
 แสดงรายละเอียดบรรณานุกรม
  กลับหน้าหลัก

Brief Record : Get Marc (ISO 2709) : E-mail record : QR code < ปิดหน้าต่าง
LEADER : 00000nam 2200000uu 4500
001    13399127493
003     ULIB
008    200617s2562||||th 000 0 tha d
020 ^- ^a9786168253076
050 ^- ^aนว^bพ222ฉ
100 0^ aพงศกร จินดาวัฒนะ.
245 10 ^aฉัตรกนก /^cพงศกร.
250 ^- ^aพิมพ์ครั้งที่ 1.
260 ^- ^aกรุงเทพฯ :^bกรู๊ฟ พับลิชชิ่ง,^c2562
300 ^- ^a427 หน้า.
490 1^ aคุณหญิงยอดนักสืบ
945    ^p360^l0^i28399
999    ^aกัณชพร จุลอักษร
รายการนี้ยังไม่มีแท็ก
คุณยังไม่ได้ล็อกอิน คุณสามารถมีกิจกรรมร่วมกับเว็บไซต์ได้ แต่ต้องล็อกอินก่อน ::
  ล็อกอิน

รายการสื่อสารสนเทศ

ลำดับที่ ประเภท เลขเรียก/บาร์โค้ด สถานที่ สถานะ
1. นวนิยาย
นวนิยาย
นว พ222ฉ ฉ.1 
  Barcode: 28399
ห้องสมุดวิทยาเขตนครสวรรค์
►หนังสือทั่วไป:l:General Books
บนชั้น

BibComment


ยังไม่เคยถูกคอมเมนท์

คอมเมนท์ทรัพยากรรายการนี้
  คอมเมนท์: ฉัตรกนก พงศกร


 Copyright 2026. Bcnsprnw @Library